| 000 | 01504nam a22003857a 4500 | ||
|---|---|---|---|
| 003 | CHAP | ||
| 005 | 20220329141038.0 | ||
| 008 | 971013s1988 r 00010 d | ||
| 010 | _a61794 | ||
| 011 | _a62766 | ||
| 035 | _a66941 | ||
| 040 | _cCHAP | ||
| 090 | _aTesis | ||
| 100 | 0 | 0 |
_aPérez Torres, David. _990060 |
| 245 | _aEvaluación de tres insecticidas para el control del gusano cogollero (Spodoptera frugiperda S.) y sus repercusiones en la planta de maíz (Zea mays L.) en el Valle de Juárez, Chih. | ||
| 260 |
_aCd. Juárez, Chih. : _bEl autor, _c1988 |
||
| 300 | _a90 p. | ||
| 502 | _aTesis (Ing. Agr. Esp. en Entomología) -- Escuela Superior de Agricultura"Hermanos Escobar". Departamento de Entomología | ||
| 590 |
_aALEPH _b10 _c20130110 _lUCH01 _h1344 |
||
| 590 |
_aBATCH-UPD _b10 _c20130110 _lUCH01 _h0302 |
||
| 590 |
_aBATCH-UPD _b10 _c20130110 _lUCH01 _h2041 |
||
| 590 |
_aBATCH-UPD _b10 _c20130409 _lUCH01 _h2334 |
||
| 590 |
_aBATCH-UPD _b10 _c20130410 _lUCH01 _h1355 |
||
| 590 |
_aBATCH-UPD _b10 _c20130914 _lUCH01 _h1557 |
||
| 590 |
_aCONVERSION _b10 _c20130109 _lUCH01 _h1333 |
||
| 650 | 1 | 4 |
_aGusano cogollero del maíz. _951561 |
| 650 | 1 | 4 |
_aInsecticidas _xEfecto en plantas. _958871 |
| 650 | 1 | 4 |
_aMaíz _xChihuahua. _970898 |
| 650 | 1 | 4 |
_aMaíz _xPlagas. _971034 |
| 901 | _aBK | ||
| 942 | _cFOLL | ||
| 949 |
_bBC _cTES _d-152183 _eTS1 _h30682 _i66941 _si |
||
| 949 |
_bBC _cTES _d33724000604153 _eTS2 _fc.2 _h30683 _i66941 _si |
||
| 949 |
_bBC _cTES _d33724000604161 _eTS2 _fc.3 _h30684 _i66941 _si |
||
| 999 |
_c61794 _d61794 |
||